| 000 | 00650cam a22002294a 4500 | ||
|---|---|---|---|
| 999 |
_c135202 _d135202 |
||
| 003 | UPN | ||
| 005 | 20230914063556.0 | ||
| 008 | 081009s2001 mx r 000 e spa d | ||
| 020 | _a9707140143 | ||
| 035 | _aUPN01000163089 | ||
| 040 |
_aUPN _bspa _cUPN |
||
| 049 | _aCG | ||
| 050 | 4 |
_aPQ7298.13 O4 _bL5.2 |
|
| 100 | 1 |
_aColina, José de la, _d1934- |
|
| 245 | 1 | 0 |
_aLibertades imaginarias : _bde la literatura como juego / _cJosé de la Colina ; pról. de Alejandro Rossi. |
| 260 |
_aMéxico : _bAldus, _c2001. |
||
| 300 | _a296 p. | ||
| 490 | _aLas horas situadas | ||
| 650 | 4 |
_aEnsayos mexicanos _97886 |
|
| 905 | _aLibro | ||
| 942 |
_2lcc _cLIBRO |
||